| 000 | 00524nam a2200169 4500 | ||
|---|---|---|---|
| 001 | VA43941 | ||
| 003 | ES-SlBCS | ||
| 005 | 20210601155903.0 | ||
| 008 | 140520ss.f. xxu||||| |||| 00| 0 spa d | ||
| 041 | _aspa | ||
| 100 | 1 |
_aEspeja Pardo, Jesús _c(O.P.) _d(1932-) _92939 |
|
| 245 | 1 | 0 |
_aLa participación de los fieles en el culto litúrgico _cJesús Espeja Pardo |
| 260 |
_aSalamanca : _bCuadernos Sacerdotales _c, s.f. |
||
| 300 |
_a45 p.; _c18, cm |
||
| 650 | 0 | 4 |
_aLiturgia-Participación de los Fieles _9362436 |
| 942 | _cBK | ||
| 999 |
_c823068 _d823068 |
||